"Red Beds" and associated formations in New Mexico, (Record no. 26693)

MARC details
000 -LEADER
fixed length control field 00954cam a22002531 4500
001 - CONTROL NUMBER
control field gs 29000037
003 - CONTROL NUMBER IDENTIFIER
control field DLC
005 - DATE AND TIME OF LATEST TRANSACTION
control field 20260227111333.0
008 - FIXED-LENGTH DATA ELEMENTS--GENERAL INFORMATION
fixed length control field 770805s1928 xx 000 0 eng c
010 ## - LIBRARY OF CONGRESS CONTROL NUMBER
LC control number gs 29000037
035 ## - SYSTEM CONTROL NUMBER
System control number (OCoLC)3164852
040 ## - CATALOGING SOURCE
Original cataloging agency Library, U. S. Geological Survey
Transcribing agency OC
Modifying agency OCoLC
-- DLC
042 ## - AUTHENTICATION CODE
Authentication code premarc
050 00 - LIBRARY OF CONGRESS CALL NUMBER
Classification number QE75
Item number .B9 no. 74
100 1# - MAIN ENTRY--PERSONAL NAME
Personal name Darton, Nelson Horatio,
Dates associated with a name 1865-1948.
245 10 - TITLE STATEMENT
Title "Red Beds" and associated formations in New Mexico,
Remainder of title with an outline of the geology of the state,
Statement of responsibility, etc. by N. H. Darton.
260 ## - PUBLICATION, DISTRIBUTION, ETC.
Place of publication, distribution, etc. Washington,
Name of publisher, distributor, etc. U.S. Govt. print. off.,
Date of publication, distribution, etc. 1928.
300 ## - PHYSICAL DESCRIPTION
Extent xvi, 356 p. incl. illus., tables, diagrs.
Other physical details 39 pl. (incl. 8 fold. col. maps) fold. diagrs.
Dimensions 23 cm.
490 0# - SERIES STATEMENT
Series statement U. S. Geological survey. Bulletin 794
500 ## - GENERAL NOTE
General note At head of title: Department of the interior.
504 ## - BIBLIOGRAPHY, ETC. NOTE
Bibliography, etc. note Bibliographical foot-notes.
500 ## - GENERAL NOTE
General note Maps folded in pocket.
650 #0 - SUBJECT ADDED ENTRY--TOPICAL TERM
Topical term or geographic name entry element Geology
Geographic subdivision New Mexico.

No items available.

Powered by Koha